000 01003nam a22003377a 4500
001 BR2016001055
003 BR-BrBNA
005 20230928104827.0
007 ta
008 230509b bl.||||| |||| 00| 0 por d
040 _aBR-BrBNA
_bpor
_cBiblioteca Nacional de Agricultura
041 _a(Por)
072 _aQ54; L01
_b0120
_b5214
_b9410
090 _ 0120 BR2016001055
100 1 _aOliveira, I.L. de
110 1 _aUniversidade Federal de Lavras, MG (Brasil)
_0Tese (Mestrado)
245 1 _aAvaliação de silagens de milho em fazendas leiteiras de alta produção
260 3 _aLavras, MG (Brasil):
_c2015.
300 _a56 p.
500 _aSummaries (Eng, Por); Several bibliography; 5 illus.
650 _aSILAGEM
650 _aMILHO
650 _aPECUÁRIA LEITEIRA
650 _aLEITE
650 _aPRODUTIVIDADE
650 _aANÁLISE QUÍMICA
650 _aMICROBIOLOGIA DE ALIMENTO
650 _aANÁLISE FÍSICA
909 _a202309
_bLucia
_c55
_dLucia Elande
942 _cBK
999 _c81954
_d81954